Dinge die mit E anfangen (Kenshin Edition) - Statistiken

Allgemein
  • Dieses Quiz wurde 270 mal gespielt
  • Das Durchschnittsergebnis liegt bei 14 aus 16
Antwortstatistiken
Bildquiz Antwort % Korrekt
Esel
100%
Eis
99%
Elefant
99%
Eule
99%
Erde
98%
Erdnuss
98%
Engel
97%
Estland
94%
Europa
94%
Edelstein
92%
England
90%
Ecuador
86%
Ed Sheeran
80%
Eritrea
77%
Essen
65%
Elsass
60%
Keine übereinstimmenden Quizze gefunden
Verteilung der Resultate
Anzahl Personen mit jedem Resultat
Perzentil nach korrekt beantworteten Fragen
Ihre Resultats-Entwicklung
Sie haben dieses Quiz noch nicht gespielt